All MCU Movies and Series - Statistics

General Stats
  • This quiz has been taken 175 times
  • The average score is 35 of 45
Answer Stats
Answer % Correct
Iron Man
100%
Captain America: The First Avenger
98%
Iron Man 2
98%
The Incredible Hulk
98%
Thor
98%
Iron Man 3
97%
Avengers: Endgame
96%
Captain America: The Winter Soldier
96%
Avengers: Infinity War
95%
Captain America: Civil War
95%
Marvel’s The Avengers
95%
Spider-Man: Homecoming
94%
Ant-Man
92%
Black Panther
92%
Doctor Strange
92%
WandaVision
92%
Black Widow
90%
Captain Marvel
90%
Spider-Man: Far From Home
90%
Thor: The Dark World
90%
Avengers: Age Of Ultron
88%
Guardians of the Galaxy
88%
Loki
88%
The Falcon and the Winter Soldier
88%
Ant-Man and the Wasp
87%
Spider-Man: No Way Home
85%
Thor: Ragnarok
84%
Hawkeye
83%
Shang Chi and the Legend of the Ten Rings
83%
Guardians of the Galaxy Vol. 2
80%
Eternals
78%
Thor: Love and Thunder
78%
What If…?
72%
Black Panther II / Black Panther: Wakanda Forever
70%
She-Hulk
64%
Ms. Marvel
59%
Guardians of the Galaxy Vol. 3
56%
Doctor Strange in the Multiverse of Madness
51%
The Marvels / Captain Marvel 2
51%
Ant-Man and the Wasp: Quantumania
46%
Fantastic Four
33%
I Am Groot
29%
Ironheart
22%
Armor Wars
19%
Untitled Deadpool Movie
18%
No matching quizzes found
Score Distribution
Percent of People with Each Score
Percentile by Number Answered
Your Score History
You have not taken this quiz